Hợp chất hữu cơ chứa oxi
Nội dung cuốn sách gồm 3 phần: Phần 1: Các vấn đề lí thuyết; Phần 2. các dạng bài tập lí thuyết; Phần 3. Các dạng bài tập tính toán
Spremljeno u:
| Glavni autor: | |
|---|---|
| Format: | Knjiga |
| Jezik: | Undetermined |
| Izdano: |
Hà Nội
Giáo dục Hà Nội
2009
|
| Teme: | |
| Oznake: |
Dodaj oznaku
Bez oznaka, Budi prvi tko označuje ovaj zapis!
|
| Thư viện lưu trữ: | Trung tâm Học liệu Trường Đại học Cần Thơ |
|---|
| LEADER | 00927nam a2200217Ia 4500 | ||
|---|---|---|---|
| 001 | CTU_184724 | ||
| 008 | 210402s9999 xx 000 0 und d | ||
| 020 | |c 33500 | ||
| 082 | |a 547.00712 | ||
| 082 | |b Ng100 | ||
| 100 | |a Nguyễn, Thị Ngà | ||
| 245 | 0 | |a Hợp chất hữu cơ chứa oxi | |
| 245 | 0 | |c Nguyễn Thị Ngà (chủ biên), Vũ Anh Tuấn | |
| 260 | |a Hà Nội | ||
| 260 | |b Giáo dục Hà Nội | ||
| 260 | |c 2009 | ||
| 520 | |a Nội dung cuốn sách gồm 3 phần: Phần 1: Các vấn đề lí thuyết; Phần 2. các dạng bài tập lí thuyết; Phần 3. Các dạng bài tập tính toán | ||
| 650 | |a Chemistry, organic,Hóa học hữu cơ | ||
| 650 | |x Study and teaching (secondary),Học và giảng dạy (trung học) | ||
| 904 | |i Võ, Thị Diệu | ||
| 980 | |a Trung tâm Học liệu Trường Đại học Cần Thơ | ||